<?xml version="1.0" encoding="UTF-8"?>
<record
    xmlns:xsi="http://www.w3.org/2001/XMLSchema-instance"
    xsi:schemaLocation="http://www.loc.gov/MARC21/slim http://www.loc.gov/standards/marcxml/schema/MARC21slim.xsd"
    xmlns="http://www.loc.gov/MARC21/slim">

  <leader>01580    a2200217   4500</leader>
  <controlfield tag="001">63973</controlfield>
  <controlfield tag="005">20260521160827.0</controlfield>
  <controlfield tag="008">260521a1979    arg                 spa d</controlfield>
  <controlfield tag="003">AR-UNSa-BCEJYS</controlfield>
  <datafield tag="040" ind1=" " ind2=" ">
    <subfield code="a">AR-UNSa-BCEJYS</subfield>
    <subfield code="b">spa</subfield>
    <subfield code="c">AR-UNSa-BCEJYS</subfield>
  </datafield>
  <datafield tag="080" ind1=" " ind2=" ">
    <subfield code="a">656</subfield>
    <subfield code="x">Transportes. Correos. Organizaci&#xF3;n y control del tr&#xE1;fico</subfield>
  </datafield>
  <datafield tag="245" ind1="1" ind2="0">
    <subfield code="a">Proyectos de transportes</subfield>
    <subfield code="p">Planificaci&#xF3;n e implementaci&#xF3;n</subfield>
  </datafield>
  <datafield tag="020" ind1=" " ind2=" ">
    <subfield code="a">978-968-18-1002-3</subfield>
  </datafield>
  <datafield tag="264" ind1=" " ind2="1">
    <subfield code="a">M&#xE9;xico :</subfield>
    <subfield code="b">Limusa</subfield>
    <subfield code="c">1979</subfield>
  </datafield>
  <datafield tag="300" ind1=" " ind2=" ">
    <subfield code="a">164 p.</subfield>
    <subfield code="c">23 cm.</subfield>
  </datafield>
  <datafield tag="505" ind1=" " ind2=" ">
    <subfield code="a">1. An&#xE1;lisis de los conceptos &#x2013; 2. An&#xE1;lisis de la estructura &#x2013; 3. An&#xE1;lisis econ&#xF3;mico &#x2013; 4. Tipolog&#xED;a de los proyectos de transporte  &#x2013; 5. Sistema global de administraci&#xF3;n de proyectos de transporte &#x2013; 6. Condiciones de institucionalizaci&#xF3;n &#x2013; 7. Planeamiento: el anillo ferroviario de Belo Horizonte por Antonio Manoel de Sequeira Cavalcanti &#x2013; 8. Gerencia por Diego Bara&#xF1;ano &#x2013; 9. Planificaci&#xF3;n, programaci&#xF3;n y control &#x2013; 10. Recursos humanos por Diego Bara&#xF1;ano &#x2013; 11. Recursos materiales, por Carlos Alberto Milone e Sinval de Olivera Filho &#x2013; 12. Recursos financieros, por Claudio Salgado &#x2013; 13. Informaci&#xF3;n y control por Colbert Demaria Boiteux &#x2013; 14. Planificaci&#xF3;n, programaci&#xF3;n y control &#x2013; 15. Recursos materiales, por Carlos Alberto Milone e Sinval de Olivera Filho &#x2013; 16. Recursos financieros por Teodosio Ibarrola Coronel &#x2013; 17. Informaci&#xF3;n y control por Colbert Demaria Boiteux &#x2013;</subfield>
  </datafield>
  <datafield tag="041" ind1=" " ind2=" ">
    <subfield code="a">spa</subfield>
  </datafield>
  <datafield tag="942" ind1=" " ind2=" ">
    <subfield code="c">BK</subfield>
  </datafield>
  <datafield tag="590" ind1=" " ind2=" ">
    <subfield code="a">niveau_biblio:m niveau_hierar:0</subfield>
  </datafield>
  <datafield tag="100" ind1="1" ind2=" ">
    <subfield code="a">Banco Interamericano de Desarrollo (BID)</subfield>
  </datafield>
  <datafield tag="999" ind1=" " ind2=" ">
    <subfield code="c">36451</subfield>
    <subfield code="d">36451</subfield>
  </datafield>
  <datafield tag="952" ind1=" " ind2=" ">
    <subfield code="0">0</subfield>
    <subfield code="1">0</subfield>
    <subfield code="4">0</subfield>
    <subfield code="7">0</subfield>
    <subfield code="a">BCEJYS</subfield>
    <subfield code="b">BCEJYS</subfield>
    <subfield code="c">16</subfield>
    <subfield code="d">2026-05-21</subfield>
    <subfield code="l">0</subfield>
    <subfield code="o">656 B213 v.4</subfield>
    <subfield code="p">L33842</subfield>
    <subfield code="r">2026-05-21 16:08:27</subfield>
    <subfield code="w">2026-05-21</subfield>
    <subfield code="y">L</subfield>
  </datafield>
  <datafield tag="952" ind1=" " ind2=" ">
    <subfield code="0">0</subfield>
    <subfield code="1">0</subfield>
    <subfield code="4">0</subfield>
    <subfield code="7">0</subfield>
    <subfield code="a">BCEJYS</subfield>
    <subfield code="b">BCEJYS</subfield>
    <subfield code="c">16</subfield>
    <subfield code="d">2026-05-21</subfield>
    <subfield code="l">0</subfield>
    <subfield code="o">656 B213 v.4</subfield>
    <subfield code="p">L39073</subfield>
    <subfield code="r">2026-05-21 16:08:27</subfield>
    <subfield code="w">2026-05-21</subfield>
    <subfield code="y">L</subfield>
  </datafield>
</record>
